000 00643nab a2200181 4500
999 _c372247
_d372247
001 90031
003 OSt
005 20230224111131.0
007 tu
008 110905s2000|||||||
040 _aDE-2950
_cDE-2950
245 0 0 _aMinister informieren sich über Schülerfirmen am OSZ.
_bBildung. Das Oberstufenzentrum gibt Schülern seit Jahren ganz praktisch die Möglichkeit, zu verstehen, Wirtschaft im Kleinen funktioniert /
_cRené Matschkowiak
264 _c2023
653 _aFrankfurt (Oder)
653 _aOberstufenzentrum
773 0 _g34. Jahrgang (2023) Nr. 45, 22.02.2023, Seite 16: mit Foto
_tMärkische Oderzeitung
942 _2z
_cA